| 000 | 00426nam a2200169 a 4500 | ||
|---|---|---|---|
| 005 | 20140414131934.0 | ||
| 008 | 100520s19uu xx 00 eng d | ||
| 050 |
_aREF 597.909 _bP37 2000 |
||
| 100 | _aParker, Steve | ||
| 245 | _aSeashore. | ||
| 250 | _a1st American ed. | ||
| 260 |
_aNew York : _bDorling Kindersley. |
||
| 440 | _aEyewitness books | ||
| 650 |
_aSeashore _xbiology. |
||
| 999 |
_c112360 _d112360 |
||